|
|
|
|
| LEADER |
00000cam a2200000 c 4500 |
| 001 |
343880946 |
| 003 |
DE-627 |
| 005 |
20260206193253.0 |
| 007 |
tu |
| 008 |
020313s2002 gw ||||| m 00| ||ger c |
| 015 |
|
|
|a 02,N13,0129
|2 dnb
|
| 015 |
|
|
|a 02,A29,0625
|2 dnb
|
| 016 |
7 |
|
|a 963949039
|2 DE-101
|
| 020 |
|
|
|a 3896698036
|c brosch. : EUR 39.00, sfr 64.30
|9 3-89669-803-6
|
| 035 |
|
|
|a (DE-627)343880946
|
| 035 |
|
|
|a (DE-603)103768645
|
| 035 |
|
|
|a (DE-576)097892459
|
| 035 |
|
|
|a (DE-599)GBV343880946
|
| 035 |
|
|
|a (OCoLC)248469357
|
| 035 |
|
|
|a (OCoLC)50524401
|
| 035 |
|
|
|a (AT-OBV)AC03402802
|
| 035 |
|
|
|a (JUB)b10336485
|
| 040 |
|
|
|a DE-627
|b ger
|c DE-627
|e rakwb
|
| 041 |
|
|
|a ger
|
| 044 |
|
|
|c XA-DE
|
| 050 |
|
0 |
|a HM1211
|
| 084 |
|
|
|a 19
|2 sdnb
|
| 084 |
|
|
|a 19
|a 14
|a 20
|2 sdnb
|
| 084 |
|
|
|a RA05.01
|2 fivr
|
| 084 |
|
|
|a SE05
|2 fivs
|
| 084 |
|
|
|a 3,5
|2 ssgn
|
| 084 |
|
|
|a ER 990
|q BVB
|2 rvk
|0 (DE-625)rvk/27788:
|
| 084 |
|
|
|a MR 6600
|2 rvk
|0 (DE-625)rvk/123534:
|
| 084 |
|
|
|a 05.02
|2 bkl
|
| 090 |
|
|
|a a
|
| 100 |
1 |
|
|a Schröer, Norbert
|d 1953-
|0 (DE-588)139194460
|0 (DE-627)609032771
|0 (DE-576)310684307
|4 aut
|
| 109 |
|
|
|a Schröer, Norbert 1953-
|
| 245 |
1 |
0 |
|a Verfehlte Verständigung
|b kommunikationssoziologische Fallstudie zur interkulturellen Kommunikation
|c Norbert Schröer
|
| 264 |
|
1 |
|a Konstanz
|b UVK-Verl.-Ges.
|c 2002
|
| 300 |
|
|
|a 277, 170 S
|c 23 cm
|
| 336 |
|
|
|a Text
|b txt
|2 rdacontent
|
| 337 |
|
|
|a ohne Hilfsmittel zu benutzen
|b n
|2 rdamedia
|
| 338 |
|
|
|a Band
|b nc
|2 rdacarrier
|
| 490 |
0 |
|
|a Analyse und Forschung: Sozialwissenschaften
|
| 502 |
|
|
|a Zugl.: Essen, Univ. Gesamthochschule, Habil.-Schr.
|
| 505 |
8 |
|
|a Literaturverz. S. 263 - 277
|
| 583 |
1 |
|
|a Archivierung/Langzeitarchivierung gewährleistet
|f PEBW
|x XA-DE-BW
|2 pdager
|5 DE-31
|
| 650 |
|
0 |
|a Intercultural communication
|
| 650 |
|
0 |
|a Intercultural communication
|x Germany
|
| 650 |
|
0 |
|a Police questioning
|x Germany
|
| 650 |
|
0 |
|a Turks
|x Germany
|
| 650 |
0 |
7 |
|0 (DE-588)4133431-0
|0 (DE-627)10568015X
|0 (DE-576)209643870
|a Kultursoziologie
|2 gnd
|
| 650 |
0 |
7 |
|0 (DE-588)4280297-0
|0 (DE-627)10434539X
|0 (DE-576)210759585
|a Missverständnis
|2 gnd
|
| 650 |
|
4 |
|a Deutschland
|x Kulturaustausch/Kulturkontakt
|
| 650 |
|
4 |
|a Kommunikation, Rekonstruktion, Vernehmung, Forschung, Datenanalyse
|
| 655 |
|
7 |
|a Hochschulschrift
|0 (DE-588)4113937-9
|0 (DE-627)105825778
|0 (DE-576)209480580
|2 gnd-content
|
| 689 |
0 |
0 |
|d g
|0 (DE-588)4011882-4
|0 (DE-627)104704861
|0 (DE-576)208896155
|a Deutschland
|2 gnd
|
| 689 |
0 |
1 |
|d s
|0 (DE-588)4416719-2
|0 (DE-627)213037173
|0 (DE-576)212222740
|a Türkischer Einwanderer
|2 gnd
|
| 689 |
0 |
2 |
|d s
|0 (DE-588)4144883-2
|0 (DE-627)105595004
|0 (DE-576)209737301
|a Beschuldigter
|2 gnd
|
| 689 |
0 |
3 |
|d s
|0 (DE-588)4063099-7
|0 (DE-627)106129104
|0 (DE-576)209147334
|a Vernehmung
|2 gnd
|
| 689 |
0 |
4 |
|d s
|0 (DE-588)4046595-0
|0 (DE-627)106197525
|0 (DE-576)209070196
|a Polizei
|2 gnd
|
| 689 |
0 |
5 |
|d s
|0 (DE-588)4033569-0
|0 (DE-627)106256653
|0 (DE-576)209002654
|a Kulturkontakt
|2 gnd
|
| 689 |
0 |
|
|5 DE-101
|
| 689 |
1 |
0 |
|d s
|0 (DE-588)4121706-8
|0 (DE-627)105767603
|0 (DE-576)209545488
|a Sprachbarriere
|2 gnd
|
| 689 |
1 |
1 |
|d s
|0 (DE-588)4031887-4
|0 (DE-627)106263722
|0 (DE-576)20899467X
|a Kommunikationsstörung
|2 gnd
|
| 689 |
1 |
|
|5 (DE-627)
|
| 751 |
|
|
|a Essen
|0 (DE-588)4015557-2
|0 (DE-627)106336193
|0 (DE-576)208912371
|4 uvp
|
| 856 |
4 |
2 |
|u http://www.gbv.de/dms/hebis-darmstadt/toc/103768645.pdf
|m V:DE-603
|m B:DE-17
|q pdf/application
|x Verlag
|y Inhaltsverzeichnis
|3 Inhaltsverzeichnis
|7 1
|
| 856 |
4 |
2 |
|u http://scans.hebis.de/HEBCGI/show.pl?10376864_toc.pdf
|m V:DE-603;B:DE-17
|q application/pdf
|3 Inhaltsverzeichnis
|7 1
|
| 935 |
|
|
|a mkri
|
| 935 |
|
|
|i sf
|
| 935 |
|
|
|i Blocktest
|
| 935 |
|
|
|h HEB
|i 0501
|
| 935 |
|
|
|h HEB
|i 0503
|
| 936 |
r |
v |
|a ER 990
|b Sprachliche Kommunikation
|k Allgemeine und vergleichende Sprach- und Literaturwissenschaft. Indogermanistik. Außereuropäische Sprachen und Literaturen
|k Allgemeine Sprachwissenschaft
|k Sprachpsychologie. Psycholinguistik
|k Sprachliche Kommunikation
|0 (DE-627)1271399237
|0 (DE-625)rvk/27788:
|0 (DE-576)201399237
|
| 936 |
r |
v |
|a MR 6600
|b Theorie der sozialen Interaktion, Kommunikation, Konformität
|k Soziologie
|k Sozialwissenschaftliche Theorien und Methoden
|k Psychologische Ansätze
|k Theorie der sozialen Interaktion, Kommunikation, Konformität
|0 (DE-627)1271294419
|0 (DE-625)rvk/123534:
|0 (DE-576)201294419
|
| 936 |
b |
k |
|a 05.02
|j Kommunikationstheorie
|0 (DE-627)106403494
|
| 936 |
f |
i |
|0 (DE-627)1756131678
|a RA05.01
|b Deutschland
|k Europa
|k Mitteleuropa
|k Deutschland
|2 fivr
|
| 936 |
f |
i |
|0 (DE-627)1756135703
|a SE05
|b Kulturaustausch/Kulturkontakt
|k Internationale Kulturbeziehungen
|k Kulturaustausch/Kulturkontakt
|2 fivs
|
| 936 |
s |
n |
|a e200
|2 mzub
|
| 936 |
s |
n |
|a m200
|2 mzub
|
| 936 |
s |
n |
|a p100
|2 mzub
|
| 936 |
s |
n |
|a m100
|2 mzub
|
| 951 |
|
|
|a BO
|
| ELC |
|
|
|b 1
|
| LOK |
|
|
|0 000 xxxxxcx a22 zn 4500
|
| LOK |
|
|
|0 001 3251746537
|
| LOK |
|
|
|0 003 DE-627
|
| LOK |
|
|
|0 004 343880946
|
| LOK |
|
|
|0 005 20240115110123
|
| LOK |
|
|
|0 008 050323||||||||||||||||ger|||||||
|
| LOK |
|
|
|0 040
|a DE-21-85
|c DE-627
|d DE-21-85
|
| LOK |
|
|
|0 541
|e 02-160
|
| LOK |
|
|
|0 689
|a s
|0 1311082840
|a Polizei
|
| LOK |
|
|
|0 689
|a s
|0 1311079394
|a Ausländer
|
| LOK |
|
|
|0 852
|p 615022778911
|
| LOK |
|
|
|0 852
|a DE-21-85
|
| LOK |
|
|
|0 852 1
|c 3.324.2002
|m p
|9 00
|
| LOK |
|
|
|0 935
|a k085
|a isda
|
| LOK |
|
|
|0 938
|k p
|
| LOK |
|
|
|0 939
|a 23-03-05
|b l01
|
| LOK |
|
|
|0 000 xxxxxcx a22 zn 4500
|
| LOK |
|
|
|0 001 3251747932
|
| LOK |
|
|
|0 003 DE-627
|
| LOK |
|
|
|0 004 343880946
|
| LOK |
|
|
|0 005 20030820000000
|
| LOK |
|
|
|0 008 030731||||||||||||||||ger|||||||
|
| LOK |
|
|
|0 040
|a DE-Frei85
|c DE-627
|d DE-Frei85
|
| LOK |
|
|
|0 852
|a DE-Frei85
|
| LOK |
|
|
|0 852 1
|m p
|9 00
|
| LOK |
|
|
|0 938
|k p
|
| LOK |
|
|
|0 939
|a 31-07-03
|b l01
|
| ORI |
|
|
|a SA-MARC-krimdoka001.raw
|
| TIM |
|
|
|a 100019901003_100020261231
|b 1990-10-03 - 2026
|